Staetčnost v srdci : sborníček pro mládež : ...na počest 40. výr. založení KSČ

Korporativní autor: Československý červený kříž (organizace)
Jazyk: Čeština
Vydáno: Praha : Státní zdravotnické nakladatelství, 1961
Vydání: 1. vyd.
Témata:
Fyzický popis: 86 s.
Knihy
Uloženo v:
LEADER 00717nam a22002052a 4500
001 000798612
003 CZ BrMZK
005 20051123101937.0
007 ta
008 051123s1961 xr er|||||||||||cze d
040 |a BOA001  |b cze 
245 0 0 |a Staetčnost v srdci :  |b sborníček pro mládež : ...na počest 40. výr. založení KSČ 
250 |a 1. vyd. 
260 |a Praha :  |b Státní zdravotnické nakladatelství,  |c 1961 
300 |a 86 s. 
710 2 2 |a Československý červený kříž (organizace)  |7 ko2003203323 
910 |a BOA001  |b PK-0028.168 
964 |a Lékaři čeští - vzpomínky - sborníky 
990 |a BK 
996 6 |b BC-246559  |c PK-0028.168  |l MZK  |r Sklad / do 1 hodiny  |n 0  |w 000798612  |u 000010  |a 1  |e BOA001  |j MZK50  |s P